000 00580nam a2200229Ia 4500
003 OSt
005 20221007074619.0
006 a|||||r|||| 00| 0
007 ta
008 221006b |||||||| |||| 00| 0 eng d
024 _a21,130
037 _cTextual
040 _aFLL
_cFLL
_beng
041 _2eng
_aeng
082 _aZ2,94, N3.1
100 _aSarkar M.C. Au.
245 0 _aLaw of evidence
260 _aNagpur
_bWadhwa & Comp. India
_c1993
300 _a1332p
_ccm.
942 _hZ2,94, N3.1
_cTEXL
_2CC
999 _c1153059
_d1153059